Términos claves para los estudios de movilidad en América Latina

Gorde:
Xehetasun bibliografikoak
Egile Nagusiak: Zunino Singh, Dhan (Egilea), Giucci, Guillermo (Egilea), Jirón, Paola (Egilea)
Formatua: Liburua
Hizkuntza:gaztelania
Argitaratua: Buenos Aires Biblos 2018
Edizioa:1a. ed
Gaiak:
Etiketak: Etiketa erantsi
Etiketarik gabe, Izan zaitez lehena erregistro honi etiketa jartzen!

MARC

LEADER 00000cam a2200000 a 4500
001 UCC5512
003 CL-VaPUC
008 181012e20180000ag |||||||||||||||||spa|d
020 |a 9789876916479 
082 0 4 |a 304.8  |b ZUN  |2 21 
100 0 |a Zunino Singh, Dhan  |e author  |9 599812 
700 0 |a Giucci, Guillermo  |e author  |9 599813 
700 0 |a Jirón, Paola  |e author  |9 599814 
245 1 0 |a Términos claves para los estudios de movilidad en América Latina 
250 |a 1a. ed 
300 |a 251 p 
942 |c BK 
945 |d 20181012 13:26:00  |a dcastane 
260 |a Buenos Aires  |b Biblos  |c 2018 
650 0 |a Movilidad social  |9 315088 
650 7 |a ESTRUCTURA SOCIAL  |2 CL-VaPUC  |9 599815 
583 |a last modification  |c 20181012 13:26:00  |k Rodrigo Vera 
999 |c 372707  |d 372705 
952 |0 0  |1 0  |3 erb  |4 0  |6 304_800000000000000_ZUN_2018  |7 0  |8 A  |9 490449  |a BIBARQ  |b BIBARQ  |i 5506263  |l 6  |m 4  |o 304.8 ZUN 2018  |p 5506263  |q 2025-07-18  |r 2024-01-16  |s 2023-12-04  |w 2019-11-24  |y BK  |z Catalogado en:20181012  |k ARQ 
952 |0 0  |1 0  |3 erb  |4 0  |6 304_800000000000000_ZUN_2018  |7 0  |8 A  |9 490450  |a BIBARQ  |b BIBARQ  |i 5506255  |l 5  |m 3  |o 304.8 ZUN 2018  |p 5506255  |r 2025-03-18  |s 2025-03-11  |w 2019-11-24  |y BK  |z Catalogado en:20181012  |k ARQ